| 000 | 01158nmc a2200349 a 4500 | ||
|---|---|---|---|
| 003 | AR-BaBNM | ||
| 005 | 20251128205105.0 | ||
| 008 | 011101s1995 ||||||||||||||000 | spa|| | ||
| 020 | _a950-687-019-5 | ||
| 040 | _cAR-BaBNM | ||
| 100 | 1 | _aFlichman, Eduardo | |
| 245 | 1 | 0 |
_aPensamiento científico _bla polémica epistemológica actual, curso de pensamiento científico _n3 |
| 250 | _a1ª ed. | ||
| 260 |
_aBuenos Aires _bConicet _c1995 |
||
| 300 | 0 |
_a63 p. _btablas |
|
| 490 | 0 | _aProciencia Conicet | |
| 500 | 0 | _aEste material forma parte del Proyecto de Pensamiento Cietífico | |
| 504 | _aBibliografía p. 63 | ||
| 650 | 4 | _aCIENCIA | |
| 650 | 4 | _aENSENANZA DE LA FILOSOFIA | |
| 650 | 4 | _aEPISTEMOLOGIA | |
| 650 | 4 | _aPROGRAMAS DE INVESTIGACION | |
| 650 | 4 | _aACTIVIDADES DE APRENDIZAJE | |
| 650 | 4 | _aFORMACION DE DOCENTES | |
| 653 | 0 | _aMETODO CIENTIFICO | |
| 653 | 0 | _aEDUCACION A DISTANCIA | |
| 700 | 1 | _aPacífico, Andrea | |
| 710 |
_aConsejo Nacional de Investigaciones Científicas y Técnicas [Argentina] _9CONICET _bPrograma Prociencia |
||
| 710 | 2 |
_aArgentina _bMinisterio de Cultura y Educación |
|
| 942 | _cBK | ||
| 998 | _cCarmen | ||
| 999 |
_c9949 _d9949 |
||